000 00475nam a22001697a 4500
005 20251108171850.0
008 250721s9999 xx 000 0 ara d
082 1 4 _aط/210.7/مبا
245 1 0 _aمبادئ التربية الإسلامية /
264 1 _aبيروت :
_bدار الشمال للطباعة و النشر،
300 _a48ص
650 1 7 _aالإسلام
650 1 7 _aالتدريس
650 1 7 _aالدراسة
942 _2ddc
_cBK
999 _c64616
_d64616